000 00986cab a22002415a 4500
001 L146594
008 090206e20090131xxka f g 000 0 eng d
035 _a(Sirsi) u146594
041 0 _aeng
100 1 _aDawson, Monica
245 0 0 _aIt comes with the territory
260 _c2009
490 _aEstates Gazette
_v(0904) 31 January 2009, 112-113(2)
520 _aMainly for students article looks at the difficulties faced by developers when trying to develop listed buildings. Discusses recent case history, the delisting of properties and common problems faced by developers.
590 _aKA
650 2 4 _aCHANDLER V SOS COMMUNITIES AND ANOR
650 2 4 _aDERBY CC V ANTHONY
650 2 4 _aR (ON THE APPLICATION OF BAYRAKTARGOLOU) V SOUTH CAMBRIDGESHIRE DC
650 2 4 _aR (ON THE APPLICATION OF EAST RIDING OF YORKSHIRE COUNCIL) V HOBSON
651 4 _aEngland and Wales
_y1543-
690 _aPROPERTY-RESIDENTIAL PROPERTY-RESIDENTIAL PROPERTY DEVELOPMENT
942 _n0
999 _c81193
_d81193